GETS Theological Seminary Library

Religious affections : (Record no. 26417)

MARC details
000 -LEADER
fixed length control field 00686nam a2200205Ia 4500
008 - FIXED-LENGTH DATA ELEMENTS--GENERAL INFORMATION
fixed length control field 200831s9999||||xx |||||||||||||| ||und||
020 ## - INTERNATIONAL STANDARD BOOK NUMBER
International Standard Book Number 0880700645
020 ## - INTERNATIONAL STANDARD BOOK NUMBER
International Standard Book Number 9780880700641
041 ## - LANGUAGE CODE
Language code of text/sound track or separate title eng
050 ## - LIBRARY OF CONGRESS CALL NUMBER
Classification number BV4509.5
Item number .E392 1984
100 ## - MAIN ENTRY--PERSONAL NAME
Personal name Edwards, Jonathan
245 #0 - TITLE STATEMENT
Title Religious affections :
Remainder of title how man's will affects his character before God /
Statement of responsibility, etc. Jonathan Edwards, J. M Houston
260 ## - PUBLICATION, DISTRIBUTION, ETC.
Place of publication, distribution, etc. Portland, Or. :
Name of publisher, distributor, etc. Multnomah Press,
Date of publication, distribution, etc. 1984
300 ## - PHYSICAL DESCRIPTION
Extent xxxiv, 226 p.
Other physical details ;
Dimensions 22 cm.
650 ## - SUBJECT ADDED ENTRY--TOPICAL TERM
Topical term or geographic name entry element Emotions Religious aspects Christianity Early works to 1800.
650 ## - SUBJECT ADDED ENTRY--TOPICAL TERM
Topical term or geographic name entry element Emotions Religious aspects Christianity.
650 ## - SUBJECT ADDED ENTRY--TOPICAL TERM
Topical term or geographic name entry element Feeling.
700 ## - ADDED ENTRY--PERSONAL NAME
Personal name Houston, J. M.
Holdings
Withdrawn status Lost status Damaged status Not for loan Home library Current library Shelving location Date acquired Total Checkouts Full call number Barcode Date last seen Price effective from Koha item type
        GETS Theological Seminary Library GETS Theological Seminary Library General Stacks 08/31/2020   BV4509.5 .E392 1984 00013519 08/31/2020 08/31/2020 English Books
OpacCredits

Contact the Librarian, GETS Library
Email: library@mygets.org









Implemented by GETS Library
(Powered by ETCA Professional Group)
GETS Theological Seminary
412 E. Rowland Street, CA 91723